Podnikanie s akciovou spoločnosťou

Enregistré dans:
Détails bibliographiques
Auteur principal: Hrvoľová, Božena
Format: Chapitre de livre
Langue:slovaque
Tags: Ajouter un tag
Pas de tags, Soyez le premier à ajouter un tag!

MARC

LEADER 00000naa$a2200000$$$4500
001 0087539
005 20240618120806.7
041 0 |a slo 
044 |a CZ 
245 1 0 |a Podnikanie s akciovou spoločnosťou  |c Božena Hrvoľová 
100 1 |a Hrvoľová, Božena